000 00716cab a2200217 4500
001 ABS38678
008 090401t1988 xxu||||| |||| 00| 0 eng d
035 _a(Sirsi) u11916
041 _aeng
100 _aRidout, G.
245 _aPutting brick out to stud
260 _c1988
350 _a0
490 _aBuilding
_v253(5) 29 Jnauary 1988, 66(1)
520 _aBrick and steel stud cladding is widely used in America. This article looks at tests currently underway in this country which if successful could see introduction of the technique in Britain.
650 _aSTEEL FRAMING SYSTEMS
650 _aUNITED STATES
690 _aBUILT ENVIRONMENT-BUILDING MATERIALS
942 _n0
948 _c04/03/1997
999 _c7618
_d7618